000 01987nam a2200577 a 4500
001 21528
003 VRT
005 20260303152755.0
008 240314 2011 xo a j 000 f slo
015 _aSNBA2011/08-04742
020 _a9788080711368
_q(viaz.)
039 9 _a202403141653
_bVLOAD
_c202307270805
_dAUTHORITY
_c202307270739
_dAUTHORITY
_c201808091600
_dVLOAD
040 _aTOTK
_bslo
_cTOTK
_dSNK
_eAACR2
041 1 _aslo
_hcze
044 _axo
_cSK
072 7 _a821.162.3
_xČeská literatúra
_2konspekt
072 7 _a821-93
_xLiteratúra pre deti a mládež
_2konspekt
080 _a821.162.3-34
_22001
080 _a821-93
_22001
080 _a(0:82-34)
_22001
100 1 _aLoderová, Ludmila
_4aut
245 1 0 _aŽabka Žblnka
_bpríbehy z rybníčka Kvakykvak
_cLudmila Loderová ; [ilustrovala:] Darina Krygielová ; [preklad Ľubica Brezovická Šebeková]
250 _a1. vyd.
260 _aVrútky
_bAdvent-Orion
_c2011
300 _a211 s.
_bfareb. ilustr.
_c19 cm
655 7 _ačeské rozprávky
_2SNKPH
655 7 _apublikácie pre deti
_2SNKPH
655 7 _aCzech fairy tales
_2SNKPHeng
655 7 _aChildren's literature
_2SNKPHeng
700 1 _aBrezovická Šebeková, Ľubica
_4trl
700 1 _aKrygiel, Darina,
_d1965-
_4ill
910 _atotk
910 _askpk
910 _abjkdg
910 _apokpoh
910 _asavuk
910 _avthk
910 _attkjf
910 _ahevk
910 _asnk
942 _2ddc
_cKLDE
_n0
949 _617A0703141
_asnkSD 80212
_bsnk2011/11474
_o1283/11
949 _617A0703142
_asnkSD 80212 D1
_bsnk2011/11475
_o1283/11
949 _6270001000383063
_asvkbbA 131395
_bsvkbbm 718377
949 _62889173551
_asavukPV 14862
_bsavuk2011/3006
949 _6273K0536765
_asvkpoA 212015
_bsvkpo542448
949 _60174025760
_alesknPRINT
_blesknBD2012/18948
980 _a821.162.3-34
999 _c21528
_d21528